| 000 | 01219pam a2200349 i 4500 | ||
|---|---|---|---|
| 001 | 019664205 | ||
| 003 | EG-ScBUE | ||
| 005 | 20251006091204.0 | ||
| 008 | 191022t2020 enkab f b 001 0 eng d | ||
| 020 | _a9780198826088 | ||
| 040 |
_aStDuBDS _beng _erda _cStDuBDS _dEG-ScBUE |
||
| 041 | 1 |
_aeng _hfre |
|
| 082 | 0 | 4 |
_a363.7 _222 _bMOR |
| 100 | 1 |
_aMorin, Jean-Frédéric, _eauthor. |
|
| 245 | 1 | 0 |
_aGlobal environmental politics / _cJean-Frédéric Morin, Amandine Orsini, Sikina Jinnah. |
| 264 | 1 |
_aOxford : _bOxford University Press, _c[2020] |
|
| 264 | 4 | _c©2020 | |
| 300 |
_axv, 384 pages : _billustrations (colour), maps (colour) ; _c25 cm |
||
| 336 |
_atext _2rdacontent _btxt |
||
| 336 |
_astill image _2rdacontent _btxt |
||
| 336 |
_acartographic image _2rdacontent _btxt |
||
| 337 |
_aunmediated _2rdamedia _bn |
||
| 338 |
_avolume _2rdacarrier _bnc |
||
| 504 | _aIncludes bibliographical references and index. | ||
| 650 | 7 |
_aEnvironmental policy _xInternational cooperation. _2BUEsh |
|
| 653 |
_cOctober2025 _bBUSBOL |
||
| 655 | _vReading book | ||
| 700 | 1 |
_aOrsini, Amandine, _eauthor. |
|
| 700 | 1 |
_aJinnah, Sikina, _d1977- _eauthor. |
|
| 942 |
_2ddc _cBB |
||
| 999 |
_c30998 _d30969 |
||